| 000 | 00787nam a2200193 a 4500 | ||
|---|---|---|---|
| 008 | 081118s2008 ||||||||||||||||| || u | ||
| 020 | _a9780749951702 | ||
| 050 | _aTD 885.5.C3 Pon | ||
| 100 | _aPontin, John | ||
| 245 | 1 | 4 |
_aThe converging world: how one community's path to zero waste is helping save our planet _cby John Pontin |
| 260 |
_aLondon: _bPiatkus _c2008 |
||
| 300 | _a[iv], 214p.: ill. | ||
| 350 | _a0.00 | ||
| 650 | _aCLIMATIC CHANGES--EUROPE | ||
| 650 | _aPOLLUTION | ||
| 650 | _aSUSTAINABLE DEVELOPMENT--DEVELOPING COUNTRIES | ||
| 650 | _aCARBON-DIOXIDE--MITIGATION--DEVELOPING COUNTRIES | ||
| 995 |
_D0.00 _FCBU-MAIN LIBRARY (Kitwe) _H1 _I0.00 _M1 _UAVAILABLE _WApr 23, 2009 _ZMain Library Open Access Collection |
||
| 999 |
_c38745 _d38745 |
||